| 000 | 00531 a2200181 4500 | ||
|---|---|---|---|
| 005 | 20250429124542.0 | ||
| 008 | 250429b |||||||| |||| 00| 0 eng d | ||
| 020 |
_a9789392619588 _cRs. 1800.00 |
||
| 040 | _aMAIN | ||
| 082 |
_a 954.9143 _bM896L |
||
| 100 | _aMukherji, Saradindu | ||
| 110 | _a | ||
| 245 | _aLahore from crest to calamity: A study on the interplay of religious demography and politics, 1881-2011 | ||
| 260 |
_bKhana Publishers _c2024 _aNew Delhi |
||
| 300 | _axvii, 426 | ||
| 650 | _aHistory | ||
| 942 | _cBK | ||
| 999 |
_c361166 _d361166 |
||